| 000 | 00767nam a22001577a 4500 | ||
|---|---|---|---|
| 003 | OSt | ||
| 005 | 20161125104036.0 | ||
| 008 | 161125b xxu||||| |||| 00| 0 eng d | ||
| 040 | _cRUA | ||
| 082 | _aVEM KOM 2015 B533 Or.1 | ||
| 100 |
_911350 _aKOM TONH; គុំ តុញ |
||
| 245 | _aThe survey of important disease on suckling piglet in nhoeb savat farm in kien svay district, kandal province; ការអង្កេតជំងឺសំខាន់ៗលើកូនជ្រូកមិនទាន់ផ្ដាច់ដោះនៅកសិដ្ឋាន ញឹុម សាវ៉ាត ស្រុកគៀនស្វាយ ខេត្តកណ្ដាល | ||
| 260 |
_aPHNOM PENH _bKOM _c2015 |
||
| 300 |
_aix;34p. _bill. _c29cm. |
||
| 942 |
_2ddc _cVEM |
||
| 999 |
_c10913 _d10913 |
||